|
|
|
|
| LEADER |
00000cam a2200000 7i4500 |
| 001 |
0000096657 |
| 005 |
20051027.0 |
| 090 |
0 |
0 |
|a 635.977
|b INF
|
| 245 |
0 |
0 |
|a InfoPlant landscape plant information system [
|h electronic resource]
|
| 260 |
|
|
|a Kuala Lumpur :
|b Forest Research Institute Malaysia [FRIM] ,
|c 1999
|
| 300 |
|
|
|a 1 Electronic computer optical disc (CD-ROM)
|
| 500 |
|
|
|a Library has 2 copies
|
| 520 |
0 |
|
|a General viewing for all ages (U)
|
| 650 |
0 |
0 |
|a Landscape gardening
|x Computers program
|
| 650 |
0 |
0 |
|a Landscape plants
|x Databases
|
| 999 |
|
|
|a CR 000139
|b CD-ROM
|c RUJUKAN
|e PERPUSTAKAAN KOMUNITI PETALING JAYA
|
| 999 |
|
|
|a CR 000140
|b CD-ROM
|c RUJUKAN
|e PERPUSTAKAAN KOMUNITI PETALING JAYA
|